00337nam a22001097a 4500008004100000020001800041084001500059100002500074245006900099260003200168653002700200020101b xxu||||| |||| 00| 1 eng d a9789384030599 aO-2,3DOY,M aDoyle, Christopher C aMahabharata quest :bthe Alexander secret /cChristopher C Doyle aChennai :bWestland,c2014. aIndian English fiction